[Event "First Saturday 2010 november FM-A"]
[Site "Budapest"]
[Date "2010.11.06"]
[Round "1"]
[White "Krizsany, Laszlo Sr"]
[Black "Koczo, Kristof"]
[Result "1/2-1/2"]
[WhiteElo "1961"]
[BlackElo "2187"]
[PlyCount "37"]
[EventDate "2010.11.06"]

1. d4 d5 2. Nf3 e6 3. g3 c5 4. c3 Nc6 5. Bg2 Nf6 6. Bg5 Qb6 7. Qb3 Ne4 8. Be3
Qc7 9. Nbd2 c4 10. Qc2 f5 11. Bf4 Bd6 12. Bxd6 Qxd6 13. O-O Bd7 14. Ne1 O-O 15.
f4 Be8 16. Nef3 Bh5 17. e3 Nxd2 18. Qxd2 Bxf3 19. Bxf3 1/2-1/2

[Event "First Saturday 2010 november FM-A"]
[Site "Budapest"]
[Date "2010.11.06"]
[Round "1"]
[White "Heyl, Thomas"]
[Black "Tran, Minh Thang"]
[Result "0-1"]
[WhiteElo "2042"]
[BlackElo "2068"]
[PlyCount "60"]
[EventDate "2010.11.06"]

1. d4 d5 2. Nf3 e6 3. e3 f5 4. b3 Nf6 5. Bb2 Bd6 6. c4 c6 7. Be2 O-O 8. O-O Qe7
9. Nbd2 Nbd7 10. Ne5 Ne4 11. f3 Nxd2 12. Qxd2 Qg5 13. f4 Qh4 14. Rf3 Nf6 15.
Rh3 Ne4 16. Rxh4 Nxd2 17. Rd1 Ne4 18. Rh3 a5 19. a4 Rd8 20. Bd3 Bd7 21. Nxd7
Rxd7 22. Rf3 Be7 23. Bxe4 dxe4 24. Rf2 Bb4 25. Rc2 c5 26. Kf2 Rad8 27. Ke2 h6
28. Rcc1 g5 29. g3 Kh7 30. dxc5 Rd2+ 0-1

[Event "First Saturday 2010 november FM-A"]
[Site "Budapest"]
[Date "2010.11.06"]
[Round "1"]
[White "Farkas, Richard"]
[Black "Zala, Gyula"]
[Result "0-1"]
[WhiteElo "2005"]
[BlackElo "1988"]
[PlyCount "118"]
[EventDate "2010.11.06"]

1. e4 e5 2. Nf3 d5 3. Nxe5 Qe7 4. d4 f6 5. Nd3 dxe4 6. Nf4 g5 7. Qh5+ Kd8 8.
Nd5 Qg7 9. Nbc3 c6 10. Ne3 Bb4 11. Bd2 f5 12. a3 Nf6 13. Qd1 Bd6 14. Nc4 Bc7
15. h4 g4 16. g3 Be6 17. Be3 Nbd7 18. Qd2 Kc8 19. Bf4 Nd5 20. Nd6+ Bxd6 21.
Bxd6 Re8 22. O-O-O N7b6 23. Nxd5 Bxd5 24. Qe3 Qd7 25. Bc5 Na4 26. c4 Bg8 27. d5
cxd5 28. cxd5 Nxc5 29. Qxc5+ Qc7 30. Qxc7+ Kxc7 31. d6+ Kd8 32. Bb5 Re5 33. Ba4
Rc8+ 34. Kb1 b5 35. Bc2 Rec5 36. Rd2 Kd7 37. Rhd1 a5 38. Re1 a4 39. Re3 R8c6
40. Re1 Be6 41. Red1 Rxc2 42. Rxc2 Rxc2 43. Kxc2 Bb3+ 44. Kd2 Bxd1 45. Kxd1
Kxd6 46. Kd2 Ke5 47. Ke3 f4+ 48. gxf4+ Kf5 49. h5 h6 50. Kd2 Kxf4 51. Ke2 g3
52. fxg3+ Kxg3 53. Ke3 Kg4 54. Kxe4 Kxh5 55. Kf5 Kh4 56. Kf4 h5 57. Kf3 Kg5 58.
Kg3 h4+ 59. Kh3 Kh5 0-1

[Event "First Saturday 2010 november FM-A"]
[Site "Budapest"]
[Date "2010.11.07"]
[Round "2"]
[White "Koczo, Kristof"]
[Black "Zala, Gyula"]
[Result "1/2-1/2"]
[WhiteElo "2187"]
[BlackElo "1988"]
[PlyCount "36"]
[EventDate "2010.11.06"]

1. d4 d5 2. c4 e6 3. Nc3 f5 4. Nf3 c6 5. g3 Nf6 6. Bg2 Bd6 7. O-O O-O 8. Qc2
Qe8 9. Bg5 Ne4 10. Nxe4 fxe4 11. Nd2 Nd7 12. e3 Qh5 13. Bf4 Bxf4 14. gxf4 Rf6
15. Kh1 Rh6 16. h3 Nf6 17. f3 exf3 18. Rxf3 Bd7 1/2-1/2

[Event "First Saturday 2010 november FM-A"]
[Site "Budapest"]
[Date "2010.11.07"]
[Round "2"]
[White "Schenkerik, Csaba"]
[Black "Farkas, Richard"]
[Result "1/2-1/2"]
[WhiteElo "2127"]
[BlackElo "2005"]
[PlyCount "80"]
[EventDate "2010.11.06"]

1. d4 d5 2. c4 e5 3. dxe5 d4 4. Nf3 Nc6 5. g3 Nge7 6. Bg2 Ng6 7. O-O Ngxe5 8.
b3 f6 9. Bb2 Bc5 10. Nbd2 Bf5 11. Nh4 Be6 12. Ne4 Be7 13. Nf3 Nxf3+ 14. Bxf3 f5
15. Nd2 O-O 16. Bxc6 bxc6 17. Nf3 c5 18. Ne5 f4 19. Nc6 Qe8 20. Nxe7+ Qxe7 21.
Qd2 Bh3 22. Rfe1 fxg3 23. hxg3 Qe5 24. f4 Qe4 25. e3 Qf3 26. Qf2 Qxf2+ 27. Kxf2
Rad8 28. Rad1 Bg4 29. Rd2 dxe3+ 30. Kxe3 Rfe8+ 31. Be5 Rxd2 32. Kxd2 Rd8+ 33.
Ke3 Rd7 34. Rg1 c6 35. Rg2 Kf7 36. Rd2 Rxd2 37. Kxd2 Bf5 38. Bd6 Ke6 39. Bxc5
a6 40. Bd4 g6 1/2-1/2

[Event "First Saturday 2010 november FM-A"]
[Site "Budapest"]
[Date "2010.11.07"]
[Round "2"]
[White "Tran, Minh Thang"]
[Black "Tessedik, Karoly"]
[Result "1-0"]
[WhiteElo "2068"]
[BlackElo "1993"]
[PlyCount "125"]
[EventDate "2010.11.06"]

1. d4 d5 2. Bf4 e6 3. e3 Bd6 4. Bxd6 Qxd6 5. Nd2 Ne7 6. Bd3 b6 7. f4 Ba6 8. Qe2
Bxd3 9. Qxd3 c5 10. c3 cxd4 11. cxd4 Nbc6 12. Ngf3 O-O 13. O-O Nb4 14. Qb3 Rfc8
15. a3 Nbc6 16. Rac1 Rc7 17. Rc3 Na5 18. Qb4 Qxb4 19. axb4 Rxc3 20. bxc3 Nac6
21. Ra1 Kf8 22. Nb3 Nf5 23. Kf2 Nd6 24. Ke2 f6 25. Kd3 Rc8 26. Nfd2 f5 27. h3
h5 28. g4 hxg4 29. hxg4 g6 30. Rh1 Kg7 31. Nf3 Ne4 32. Ra1 Rc7 33. gxf5 exf5
34. Nfd2 Ne7 35. Nxe4 fxe4+ 36. Kd2 Nf5 37. Rc1 Kf6 38. Na1 Nd6 39. Kc2 Rh7 40.
Kb3 Nc4 41. Nc2 Rh3 42. Re1 b5 43. Na3 Nd2+ 44. Kb2 Rh2 45. Nc2 Nc4+ 46. Kb3
Rg2 47. Ra1 Kf5 48. Rxa7 Kg4 49. Rd7 Kf3 50. Rxd5 Re2 51. Rxb5 Nxe3 52. Nxe3
Rxe3 53. Rg5 Kxf4 54. Rxg6 Kf5 55. Rd6 Rh3 56. Rd5+ Kf4 57. Re5 Ke3 58. b5 Kd3
59. d5 Rh8 60. Kb4 Rc8 61. b6 Rxc3 62. Rxe4 Rc1 63. Rh4 1-0

[Event "First Saturday 2010 november FM-A"]
[Site "Budapest"]
[Date "2010.11.07"]
[Round "2"]
[White "Henrichsen, Jens"]
[Black "Flaata, Alexander R"]
[Result "0-1"]
[WhiteElo "1949"]
[BlackElo "2078"]
[PlyCount "118"]
[EventDate "2010.11.06"]

1. d4 Nf6 2. c4 c5 3. d5 b5 4. cxb5 a6 5. bxa6 Bxa6 6. Nc3 d6 7. e4 Bxf1 8.
Kxf1 g6 9. Nf3 Nbd7 10. g3 Bg7 11. Kg2 O-O 12. h3 Nb6 13. Re1 Nfd7 14. Qc2 Nc4
15. a4 Qa5 16. Bg5 Nxb2 17. e5 Nc4 18. Bxe7 Rfe8 19. Bg5 Ndxe5 20. Nxe5 Rxe5
21. Rxe5 Bxe5 22. Rc1 f6 23. Bxf6 Na3 24. Qb3 Bxf6 25. Qxa3 Bxc3 26. Qxc3 Qxc3
27. Rxc3 Rxa4 28. Rd3 g5 29. g4 Kg7 30. Kg3 Rb4 31. Kg2 Kf6 32. Re3 Kf7 33. Re6
Rb6 34. Re3 c4 35. Rf3+ Kg6 36. Re3 Rb5 37. Rc3 Rb4 38. Kf1 Kf6 39. Re3 Kf7 40.
Rf3+ Ke7 41. Re3+ Kd7 42. Ke2 Rb2+ 43. Ke1 Rb3 44. Kd2 Kc7 45. Rc3 Rb4 46. Ke3
Kb6 47. Kd4 Kb5 48. Rf3 Rb3 49. Rf5 Rd3+ 50. Ke4 Rxh3 51. Rxg5 c3 52. Rg8 Kc4
53. Rc8+ Kb3 54. Rb8+ Kc2 55. Kf5 Kd2 56. g5 c2 57. Rb2 Rf3+ 58. Ke6 Rxf2 59.
Kxd6 Kd3 0-1

[Event "First Saturday 2010 november FM-A"]
[Site "Budapest"]
[Date "2010.11.08"]
[Round "3"]
[White "Flaata, Alexander R"]
[Black "Krizsany, Laszlo Sr"]
[Result "1-0"]
[WhiteElo "2078"]
[BlackElo "1961"]
[PlyCount "103"]
[EventDate "2010.11.06"]

1. e4 c6 2. d4 d5 3. exd5 cxd5 4. c4 e6 5. Nf3 Bb4+ 6. Nc3 Ne7 7. Bd3 Bd7 8.
O-O dxc4 9. Bxc4 O-O 10. Bg5 Qc7 11. Qd3 h6 12. Bd2 Bc6 13. Ne5 Bd6 14. Rfe1
Bxe5 15. Rxe5 Nd7 16. Ree1 Rad8 17. b4 Rfe8 18. b5 Bd5 19. Nxd5 Nxd5 20. Rac1
Qd6 21. Bb3 Nf8 22. g3 Rc8 23. Qf3 Rxc1 24. Rxc1 Qd7 25. Rc5 b6 26. Bxd5 exd5
27. Rxd5 Qc7 28. Qc3 Qe7 29. Re5 Qd7 30. Rxe8 Qxe8 31. Qc6 Qe2 32. Bb4 Qd1+ 33.
Kg2 Qxd4 34. Bxf8 Kxf8 35. Qc8+ Ke7 36. Qb7+ Ke6 37. Qc6+ Qd6 38. Qe4+ Qe5 39.
Qg4+ Kd6 40. a4 Qd5+ 41. Kf1 Kc5 42. Qxg7 Qd1+ 43. Kg2 Qxa4 44. Qxf7 Qe4+ 45.
Qf3 Qd4 46. Qf5+ Kb4 47. f4 Qg7 48. Qd5 Qb2+ 49. Kh3 Qf6 50. f5 h5 51. Qe6 Qd4
52. f6 1-0

[Event "First Saturday 2010 november FM-A"]
[Site "Budapest"]
[Date "2010.11.08"]
[Round "3"]
[White "Heyl, Thomas"]
[Black "Henrichsen, Jens"]
[Result "1-0"]
[WhiteElo "2042"]
[BlackElo "1949"]
[PlyCount "107"]
[EventDate "2010.11.06"]

1. d4 Nf6 2. Nf3 d5 3. g3 g6 4. Bg2 Bg7 5. O-O O-O 6. c4 c6 7. Nc3 dxc4 8. Ne5
Nfd7 9. Nxc4 e5 10. d5 Nb6 11. dxc6 Nxc6 12. Nd6 Qe7 13. Bxc6 bxc6 14. Nxc8
Raxc8 15. e4 Rfd8 16. Qc2 Rd7 17. b3 Qe6 18. Be3 Rcd8 19. Rad1 Bf8 20. Rxd7
Rxd7 21. Rd1 Bb4 22. Rd3 Rxd3 23. Qxd3 Qd6 24. Qxd6 Bxd6 25. Bxb6 axb6 26. Kf1
Kf8 27. Ke2 h5 28. h3 Ke7 29. a4 Bc5 30. f3 Ke6 31. Kd3 Bf2 32. Ne2 Kd6 33. Kc4
g5 34. g4 h4 35. Nc1 Be3 36. Nd3 f6 37. Nb4 Bf2 38. Na6 Be3 39. b4 Bf2 40. b5
c5 41. Nb8 Be1 42. Nc6 Bd2 43. Na7 Ba5 44. Nc6 Bd2 45. Nd8 Kd7 46. Nf7 Ke6 47.
Nh6 Kd6 48. Nf5+ Ke6 49. Kd3 Ba5 50. Ne3 Be1 51. Nc4 Kd7 52. Nxb6+ Kc7 53. Nd5+
Kd6 54. Nxf6 1-0

[Event "First Saturday 2010 november FM-A"]
[Site "Budapest"]
[Date "2010.11.08"]
[Round "3"]
[White "Farkas, Richard"]
[Black "Tran, Minh Thang"]
[Result "0-1"]
[WhiteElo "2005"]
[BlackElo "2068"]
[PlyCount "70"]
[EventDate "2010.11.06"]

1. e4 c5 2. Nc3 g6 3. d3 Nc6 4. Be3 d6 5. Qd2 Nf6 6. Bh6 Bxh6 7. Qxh6 Nd4 8.
Qd2 b5 9. Nge2 b4 10. Nd1 e5 11. Ne3 Be6 12. c3 bxc3 13. bxc3 Nxe2 14. Bxe2 Qa5
15. c4 Qxd2+ 16. Kxd2 Ke7 17. Rab1 Rhb8 18. g3 a5 19. f4 Bd7 20. Rhc1 Bc6 21.
fxe5 dxe5 22. Nd5+ Bxd5 23. cxd5 Kd6 24. Rf1 Nd7 25. Bg4 f5 26. Bh3 Nf6 27. g4
f4 28. g5 Ne8 29. Bg4 Nc7 30. h4 a4 31. Rfc1 Nb5 32. Bd1 Nd4 33. Bc2 a3 34.
Rxb8 Rxb8 35. Bb3 Rxb3 0-1

[Event "First Saturday 2010 november FM-A"]
[Site "Budapest"]
[Date "2010.11.08"]
[Round "3"]
[White "Zala, Gyula"]
[Black "Schenkerik, Csaba"]
[Result "0-1"]
[WhiteElo "1988"]
[BlackElo "2127"]
[PlyCount "76"]
[EventDate "2010.11.06"]

1. e4 e5 2. d4 exd4 3. Bd3 d5 4. e5 Nc6 5. f4 Nh6 6. Nf3 Nf5 7. a3 Be7 8. Qe2
O-O 9. O-O b6 10. Kh1 g6 11. g4 Ng7 12. Rg1 f5 13. g5 Ne6 14. Rg3 Nb8 15. Qf2
c5 16. Rh3 Rf7 17. Nh4 Nf8 18. Be2 Be6 19. Nd2 Qd7 20. Ndf3 Nc6 21. Ng2 Rc8 22.
Rh6 Rg7 23. h4 Nd8 24. Bd2 Nf7 25. Rg1 Nxh6 26. gxh6 Rf7 27. h5 Kh8 28. Ngh4
gxh5 29. Ng5 Ng6 30. Bxh5 Rg8 31. Bxg6 hxg6 32. Nxf7+ Bxf7 33. Nf3 Be6 34. Qh2
Qb5 35. b3 d3 36. Be1 d4 37. Bh4 Bd5 38. Rf1 dxc2 0-1

[Event "First Saturday 2010 november FM-A"]
[Site "Budapest"]
[Date "2010.11.09"]
[Round "4"]
[White "Krizsany, Laszlo Sr"]
[Black "Heyl, Thomas"]
[Result "0-1"]
[WhiteElo "1961"]
[BlackElo "2042"]
[PlyCount "104"]
[EventDate "2010.11.06"]

1. d4 d5 2. Nf3 Nf6 3. c4 e6 4. Nc3 Bb4 5. Bg5 Nbd7 6. e3 c5 7. cxd5 exd5 8.
Be2 Qa5 9. O-O Bxc3 10. bxc3 Ne4 11. c4 O-O 12. Qc2 cxd4 13. exd4 Nxg5 14. Nxg5
Nf6 15. c5 Bd7 16. Bd3 h6 17. Nf3 Bb5 18. Bxb5 Qxb5 19. Rab1 Qa6 20. Rb2 Rfe8
21. Rfb1 Re7 22. Ne5 Rae8 23. h3 g6 24. Qb3 Kg7 25. a4 Ne4 26. Rc1 Qe6 27. Qc2
f6 28. Nf3 Ng5 29. Nxg5 hxg5 30. Rcb1 Kh6 31. Rxb7 Rxb7 32. Rxb7 Qe1+ 33. Kh2
Re2 34. Qd3 Qxf2 35. Qg3 Qxd4 36. Rd7 Re3 37. Rxd5 Rxg3 38. Rxd4 Rc3 39. Rd5 a6
40. g4 Kg7 41. Kg2 Kf7 42. Rd6 Rxc5 43. Rxa6 Rc2+ 44. Kf3 Rc3+ 45. Ke4 Rxh3 46.
Kd5 Rd3+ 47. Kc6 f5 48. Ra7+ Kf6 49. a5 fxg4 50. Rh7 g3 51. Rh1 Ra3 52. Kb5 Kf5
0-1

[Event "First Saturday 2010 november FM-A"]
[Site "Budapest"]
[Date "2010.11.10"]
[Round "5"]
[White "Flaata, Alexander R"]
[Black "Koczo, Kristof"]
[Result "0-1"]
[WhiteElo "2078"]
[BlackElo "2187"]
[PlyCount "216"]
[EventDate "2010.11.06"]

1. e4 c6 2. d4 d5 3. exd5 cxd5 4. c4 Nf6 5. Nc3 Nc6 6. Nf3 Bg4 7. cxd5 Nxd5 8.
Qb3 Bxf3 9. gxf3 Nb6 10. Be3 e6 11. O-O-O Be7 12. d5 exd5 13. Nxd5 Nxd5 14.
Rxd5 Qc7 15. Kb1 O-O 16. f4 Nb4 17. Rd4 Rad8 18. Rxd8 Rxd8 19. Bc4 Bd6 20. Rd1
Qe7 21. Ka1 b6 22. a3 Nc6 23. Qc3 Qc7 24. Rg1 g6 25. Ba2 Nb8 26. Qf6 Qe7 27.
Bxf7+ Kf8 28. Qxe7+ Kxe7 29. Bb3 Bc5 30. Bxc5+ bxc5 31. f5 Kf6 32. fxg6 hxg6
33. Rd1 Rxd1+ 34. Bxd1 Nc6 35. Ka2 Ne5 36. Be2 Nc6 37. b3 Nd4 38. Bd1 Kg5 39.
Kb2 Nb5 40. a4 Nd6 41. Bc2 Kh5 42. f4 a5 43. Kc3 Kh6 44. Kd2 Kg7 45. Bd3 Kf6
46. Ke3 Kg7 47. Kf3 Kf6 48. Kg4 Nf7 49. Bc4 Nd6 50. Bd3 Nf7 51. h4 Nd6 52. Kf3
Kg7 53. Kg3 Kf6 54. Kg4 Nf7 55. Kf3 Nd6 56. f5 Nxf5 57. Bxf5 Kxf5 58. Kg3 Ke4
59. Kg4 Kd4 60. Kg5 Kc3 61. Kxg6 Kxb3 62. h5 c4 63. h6 c3 64. h7 c2 65. h8=Q
c1=Q 66. Qd4 Qc4 67. Qa1 Qc3 68. Qb1+ Kxa4 69. Qa2+ Kb4 70. Qb1+ Ka3 71. Kf5 a4
72. Kg5 Qb2 73. Qd3+ Ka2 74. Qc4+ Qb3 75. Qe2+ Kb1 76. Qe1+ Kc2 77. Qe2+ Kc3
78. Qe1+ Kd4 79. Qa1+ Kc5 80. Qg1+ Kb5 81. Qf1+ Ka5 82. Qe1+ Qb4 83. Qe3 a3 84.
Qa7+ Kb5 85. Qb7+ Ka4 86. Qg2 Qc4 87. Qa8+ Kb4 88. Qg2 a2 89. Qb2+ Ka4 90. Qa1
Ka3 91. Qe1 Qb5+ 92. Kg6 Qc6+ 93. Kh7 Qd7+ 94. Kg6 Qg4+ 95. Kh6 Qf4+ 96. Kg6
Qd6+ 97. Kh5 Qc5+ 98. Kg6 Kb2 99. Kf7 a1=Q 100. Qe2+ Qc2 101. Qe5+ Qc3 102.
Qh2+ Ka3 103. Qd6+ Kb3 104. Qb6+ Qb4 105. Qe3+ Qac3 106. Qa7 Qbc4+ 107. Kg6
Qe6+ 108. Kg5 Qg3+ 0-1

[Event "First Saturday 2010 november FM-A"]
[Site "Budapest"]
[Date "2010.11.10"]
[Round "5"]
[White "Farkas, Richard"]
[Black "Henrichsen, Jens"]
[Result "0-1"]
[WhiteElo "2005"]
[BlackElo "1949"]
[PlyCount "50"]
[EventDate "2010.11.06"]

1. e4 c5 2. Nc3 Nc6 3. g3 g6 4. Bg2 Bg7 5. d3 d6 6. Be3 e6 7. Qd2 Nge7 8. Bh6
O-O 9. h4 f6 10. g4 Nd4 11. O-O-O Rb8 12. Bxg7 Kxg7 13. f4 b5 14. Nf3 b4 15.
Ne2 Qa5 16. Kb1 Nb5 17. Ka1 Rb6 18. Rb1 Ra6 19. Nc1 Nc6 20. h5 Ncd4 21. b3 Nc3
22. Rb2 Nde2 23. hxg6 Nxc1 24. Rxh7+ Kg8 25. f5 Qxa2+ 0-1

[Event "First Saturday 2010 november FM-A"]
[Site "Budapest"]
[Date "2010.11.10"]
[Round "5"]
[White "Schenkerik, Csaba"]
[Black "Tran, Minh Thang"]
[Result "0-1"]
[WhiteElo "2127"]
[BlackElo "2068"]
[PlyCount "120"]
[EventDate "2010.11.06"]

1. e4 c5 2. Nf3 g6 3. d4 cxd4 4. Qxd4 Nf6 5. Bb5 a6 6. e5 axb5 7. exf6 exf6 8.
O-O Ra6 9. Nc3 Bg7 10. Re1+ Re6 11. Bf4 Nc6 12. Qc5 b6 13. Qd6 Ne5 14. Nxe5
Rxd6 15. Nc6+ Re6 16. Nxd8 Kxd8 17. Nxb5 Ba6 18. Nd6 Ke7 19. Rad1 Ra8 20. a3 f5
21. Bg5+ Bf6 22. Bxf6+ Kxf6 23. f4 Ke7 24. Kf2 Ra7 25. c4 Rc7 26. b4 Bxc4 27.
Rd4 Rxe1 28. Kxe1 Bb3 29. Nb5 Rc1+ 30. Ke2 Rc4 31. Kd3 Rc1 32. Ke2 Ba4 33. Nd6
Rc2+ 34. Kd3 Rc6 35. Nc4 Bb5 36. a4 Bxa4 37. Ne5 Rc7 38. Rd5 f6 39. Nc4 Bc6 40.
Ne3 Bxd5 41. Nxd5+ Kd6 42. Nxc7 Kxc7 43. h4 Kc6 44. Kc4 d5+ 45. Kd4 h6 46. h5
gxh5 47. g3 h4 48. gxh4 h5 49. b5+ Kxb5 50. Kxd5 Ka4 51. Ke6 b5 52. Kxf5 b4 53.
Kxf6 b3 54. Kg7 b2 55. f5 b1=Q 56. f6 Qb2 57. Kg6 Qg2+ 58. Kh7 Qe4+ 59. Kg7
Qxh4 60. f7 Qg5+ 0-1

[Event "First Saturday 2010 november FM-A"]
[Site "Budapest"]
[Date "2010.11.11"]
[Round "6"]
[White "Koczo, Kristof"]
[Black "Tran, Minh Thang"]
[Result "1/2-1/2"]
[WhiteElo "2187"]
[BlackElo "2068"]
[PlyCount "82"]
[EventDate "2010.11.06"]

1. d4 e6 2. c4 f5 3. Nc3 Nf6 4. Bg5 Be7 5. Bxf6 Bxf6 6. e4 fxe4 7. Nxe4 b6 8.
Qh5+ g6 9. Nxf6+ Qxf6 10. Qe5 O-O 11. Qxf6 Rxf6 12. Bd3 Bb7 13. f3 c5 14. Ne2
Nc6 15. Be4 d5 16. cxd5 Nxd4 17. Nxd4 cxd4 18. Rc1 exd5 19. Bd3 Rc6 20. Kd2
Rac8 21. Rxc6 Bxc6 22. Rc1 Bd7 23. Rxc8+ Bxc8 24. Bb5 Bf5 25. Bc6 Kf7 26. Bxd5+
Be6 27. Bxe6+ Kxe6 28. Kd3 Ke5 29. g3 g5 30. Kd2 h5 31. Kd3 a6 32. Kd2 Kd5 33.
Kc2 Kc4 34. b3+ Kd5 35. Kd2 Kd6 36. Kd3 Ke5 37. b4 a5 38. bxa5 bxa5 39. a4 h4
40. Kc2 Kd5 41. Kd2 Kd6 1/2-1/2

[Event "First Saturday 2010 november FM-A"]
[Site "Budapest"]
[Date "2010.11.11"]
[Round "6"]
[White "Henrichsen, Jens"]
[Black "Zala, Gyula"]
[Result "0-1"]
[WhiteElo "1949"]
[BlackElo "1988"]
[PlyCount "100"]
[EventDate "2010.11.06"]

1. d4 d6 2. Nf3 g6 3. c4 c5 4. d5 Nf6 5. Nc3 Bg7 6. h3 O-O 7. e4 b5 8. cxb5 a6
9. bxa6 Nxa6 10. Be2 Nb8 11. O-O Nbd7 12. Bg5 h6 13. Be3 Nh7 14. Qc2 f6 15.
Rab1 Ng5 16. Nh4 Qe8 17. f4 Nh7 18. Bg4 Nb6 19. Be2 f5 20. Bb5 Qf7 21. e5 Ba6
22. Bxa6 Rxa6 23. Qe2 Rfa8 24. e6 Qf6 25. Nf3 Qf8 26. Nh4 Qe8 27. Nf3 Nf6 28.
Rfd1 Na4 29. Nb5 Qd8 30. b3 Nb6 31. Nc3 Nh5 32. Qd3 Ng3 33. Bd2 Ra3 34. Nh4
Bxc3 35. Bxc3 Ne4 36. Nxg6 Qe8 37. Nh4 Qh5 38. Nf3 Nxd5 39. Bb2 Nb4 40. Qe3
Rxa2 41. Ra1 Rxa1 42. Rxa1 Rxa1+ 43. Bxa1 Qg6 44. g4 Nc2 45. Qc1 Nxa1 46. Qxa1
Qxe6 47. Qa8+ Kg7 48. Nh4 fxg4 49. f5 Qe5 50. f6+ Nxf6 0-1

[Event "First Saturday 2010 november FM-A"]
[Site "Budapest"]
[Date "2010.11.11"]
[Round "6"]
[White "Krizsany, Laszlo Sr"]
[Black "Farkas, Richard"]
[Result "1/2-1/2"]
[WhiteElo "1961"]
[BlackElo "2005"]
[PlyCount "35"]
[EventDate "2010.11.06"]

1. c4 Nf6 2. Nc3 e6 3. a3 d5 4. cxd5 exd5 5. d4 Be7 6. Nf3 O-O 7. Bg5 h6 8.
Bxf6 Bxf6 9. e3 Re8 10. Bd3 c5 11. Ne2 Bg4 12. Qa4 Bxf3 13. gxf3 Nd7 14. Bb5
Re7 15. Bxd7 Rxd7 16. Rd1 cxd4 17. Nxd4 Bxd4 18. Qxd4 1/2-1/2

[Event "First Saturday 2010 november FM-A"]
[Site "Budapest"]
[Date "2010.11.11"]
[Round "6"]
[White "Flaata, Alexander R"]
[Black "Heyl, Thomas"]
[Result "1-0"]
[WhiteElo "2078"]
[BlackElo "2042"]
[PlyCount "47"]
[EventDate "2010.11.06"]

1. e4 c5 2. c3 d5 3. exd5 Qxd5 4. d4 Nf6 5. Nf3 e6 6. Bd3 Be7 7. O-O O-O 8. Be3
cxd4 9. cxd4 Rd8 10. Nc3 Qa5 11. a3 Nc6 12. b4 Qh5 13. b5 Na5 14. Ne2 Qd5 15.
Nf4 Qd6 16. Ne5 b6 17. Nh5 Bb7 18. Nxf6+ Bxf6 19. Bxh7+ Kf8 20. Qh5 Bxe5 21.
dxe5 Qd5 22. f3 f5 23. Bg5 Qxe5 24. Bg6 1-0

[Event "First Saturday 2010 november FM-A"]
[Site "Budapest"]
[Date "2010.11.12"]
[Round "7"]
[White "Heyl, Thomas"]
[Black "Koczo, Kristof"]
[Result "0-1"]
[WhiteElo "2042"]
[BlackElo "2187"]
[PlyCount "44"]
[EventDate "2010.11.06"]

1. d4 d5 2. Nf3 e6 3. g3 c5 4. e3 Nf6 5. Bg2 Nc6 6. O-O Bd6 7. b3 e5 8. dxe5
Nxe5 9. Bb2 Bg4 10. Nbd2 Qe7 11. Qc1 O-O 12. Nxe5 Bxe5 13. c4 Rad8 14. Bf3 dxc4
15. Bxe5 Qxe5 16. Nxc4 Qh5 17. Bxb7 Be2 18. Re1 Nd5 19. e4 Bf3 20. Bxd5 Qh3 21.
Ne3 Rd6 22. e5 Qxh2+ 0-1

[Event "First Saturday 2010 november FM-A"]
[Site "Budapest"]
[Date "2010.11.12"]
[Round "7"]
[White "Zala, Gyula"]
[Black "Krizsany, Laszlo Sr"]
[Result "1-0"]
[WhiteElo "1988"]
[BlackElo "1961"]
[PlyCount "73"]
[EventDate "2010.11.06"]

1. e4 c6 2. d4 d5 3. c4 dxe4 4. Be3 Bf5 5. Nc3 e6 6. Be2 Bb4 7. a3 Bxc3+ 8.
bxc3 Qa5 9. Qb3 Nf6 10. h3 O-O 11. Rc1 Qc7 12. g4 Bg6 13. h4 h5 14. Qd1 Qa5 15.
g5 Ng4 16. Bxg4 hxg4 17. Qxg4 Qf5 18. Qe2 Nd7 19. h5 Bh7 20. Rh4 e5 21. d5 Rfc8
22. d6 Nf8 23. c5 b6 24. Nh3 g6 25. h6 Ne6 26. cxb6 axb6 27. d7 Rd8 28. Rd1 c5
29. Bc1 Nf4 30. Nxf4 exf4 31. Rxf4 Qxg5 32. Qxe4 Qh5 33. Qxa8 Qxd1+ 34. Kxd1
Rxa8 35. Rf3 Rd8 36. Rd3 g5 37. Bxg5 1-0

[Event "First Saturday 2010 november FM-A"]
[Site "Budapest"]
[Date "2010.11.12"]
[Round "7"]
[White "Schenkerik, Csaba"]
[Black "Henrichsen, Jens"]
[Result "1-0"]
[WhiteElo "2127"]
[BlackElo "1949"]
[PlyCount "61"]
[EventDate "2010.11.06"]

1. e4 c5 2. Nf3 d6 3. d4 cxd4 4. Nxd4 Nf6 5. Nc3 a6 6. Bc4 e6 7. Bb3 Nbd7 8.
O-O Nc5 9. f4 Be7 10. Qf3 O-O 11. Be3 Qc7 12. f5 Nxb3 13. axb3 Bd7 14. Rad1
Rfe8 15. Rd2 Bf8 16. Bg5 Be7 17. Rfd1 Rad8 18. Kh1 b5 19. Na2 Qa5 20. Nc1 Qc7
21. c3 Qb7 22. fxe6 fxe6 23. Bxf6 Bxf6 24. b4 Rf8 25. e5 Qxf3 26. Nxf3 Bxe5 27.
Nxe5 dxe5 28. Kg1 Rf7 29. Nb3 Kf8 30. Nc5 Ke8 31. Nb7 1-0

[Event "First Saturday 2010 november FM-A"]
[Site "Budapest"]
[Date "2010.11.13"]
[Round "8"]
[White "Henrichsen, Jens"]
[Black "Tran, Minh Thang"]
[Result "1/2-1/2"]
[WhiteElo "1949"]
[BlackElo "2068"]
[PlyCount "91"]
[EventDate "2010.11.06"]

1. d4 d5 2. c4 e6 3. Nf3 f5 4. g3 Nf6 5. Bg2 c6 6. Qc2 Bd6 7. b3 O-O 8. O-O Qe7
9. Bb2 Nbd7 10. Nbd2 Ne4 11. Ne5 g5 12. f3 Nxd2 13. Qxd2 Nxe5 14. dxe5 Bc5+ 15.
Bd4 f4 16. e3 b6 17. cxd5 cxd5 18. Rfc1 Bb7 19. Rc2 Rac8 20. Bxc5 Rxc5 21. Rac1
fxg3 22. hxg3 Rfc8 23. Bh3 Kf7 24. Qd3 Ke8 25. Bf1 Ba6 26. Rxc5 Rxc5 27. Qd2
Bxf1 28. Rxc5 Qxc5 29. Kxf1 Kd7 30. Ke2 Kc6 31. Qd3 Qb5 32. g4 Qa5 33. Qc2+ Qc5
34. Qxh7 Qc1 35. Qxa7 Qc2+ 36. Ke1 Qc1+ 37. Ke2 Qb2+ 38. Kd3 Qb1+ 39. Ke2 Qc2+
40. Ke1 Qc3+ 41. Ke2 Qxe5 42. Qa8+ Kb5 43. Qa4+ Kc5 44. Qa3+ Kb5 45. Qa4+ Kc5
46. Qa3+ 1/2-1/2

[Event "First Saturday 2010 november FM-A"]
[Site "Budapest"]
[Date "2010.11.13"]
[Round "8"]
[White "Krizsany, Laszlo Sr"]
[Black "Schenkerik, Csaba"]
[Result "1/2-1/2"]
[WhiteElo "1961"]
[BlackElo "2127"]
[PlyCount "30"]
[EventDate "2010.11.06"]

1. c4 Nf6 2. Nc3 e6 3. Nf3 b6 4. g3 d5 5. Bg2 Bb7 6. d4 Be7 7. O-O O-O 8. b3 c5
9. dxc5 Bxc5 10. cxd5 Nxd5 11. Na4 Nd7 12. Bb2 Qe7 13. Nxc5 Nxc5 14. Qd4 f6 15.
Ba3 Rfd8 1/2-1/2

[Event "First Saturday 2010 november FM-A"]
[Site "Budapest"]
[Date "2010.11.13"]
[Round "8"]
[White "Flaata, Alexander R"]
[Black "Farkas, Richard"]
[Result "1/2-1/2"]
[WhiteElo "2078"]
[BlackElo "2005"]
[PlyCount "44"]
[EventDate "2010.11.06"]

1. e4 e6 2. d3 d5 3. Nd2 Nf6 4. Ngf3 c5 5. g3 Nc6 6. Bg2 b6 7. O-O Bb7 8. Re1
Be7 9. e5 Nd7 10. Nf1 Qc7 11. Qe2 O-O-O 12. a4 Nf8 13. c3 h6 14. h4 d4 15. Bd2
a5 16. Rad1 Ba6 17. Bc1 f5 18. exf6 gxf6 19. Bh3 f5 20. c4 Bd6 21. Kh2 Kb8 22.
b3 Bc8 1/2-1/2

[Event "First Saturday 2010 november FM-A"]
[Site "Budapest"]
[Date "2010.11.13"]
[Round "8"]
[White "Heyl, Thomas"]
[Black "Tessedik, Karoly"]
[Result "1-0"]
[WhiteElo "2042"]
[BlackElo "1993"]
[PlyCount "129"]
[EventDate "2010.11.06"]

1. d4 d5 2. Nf3 Nf6 3. g3 e6 4. Bg2 Bd6 5. O-O Nbd7 6. c4 c6 7. Qc2 h6 8. Nbd2
O-O 9. b3 Re8 10. Bb2 e5 11. dxe5 Nxe5 12. Rad1 Bg4 13. Rfe1 Rc8 14. Qb1 Nxf3+
15. exf3 Be6 16. Qa1 Qe7 17. Bxf6 gxf6 18. f4 Qd8 19. Qd4 c5 20. Qd3 d4 21. f5
Bd7 22. Bxb7 Rc7 23. Qf3 Re5 24. Rxe5 Bxe5 25. Bd5 Qf8 26. Ne4 Qg7 27. Kh1 Qh7
28. Qg4+ Kf8 29. f4 Bxf5 30. Qf3 Bxe4 31. Bxe4 f5 32. Bd3 Bd6 33. Qd5 Qg6 34.
Bxf5 Qf6 35. Re1 Re7 36. Rxe7 Qxe7 37. Be4 Kg7 38. Qf5 Qe6 39. Qh7+ Kf8 40.
Qh8+ Ke7 41. Qa8 f5 42. Qxa7+ Kf6 43. Bf3 Qe1+ 44. Kg2 Qd2+ 45. Kh3 Qe3 46. Qa8
Kg7 47. Bd5 Bf8 48. Qc8 Qf2 49. Qxf5 Qf1+ 50. Bg2 Qe2 51. Qg4+ Qxg4+ 52. Kxg4
Kf6 53. Be4 Be7 54. Kh5 Kg7 55. a4 Bd8 56. Kg4 Kf6 57. Kf3 Bc7 58. g4 Ba5 59.
h4 Bc7 60. g5+ hxg5 61. hxg5+ Kg7 62. a5 Bxa5 63. f5 Bd8 64. f6+ Kf8 65. Kg4
1-0